[Event "O pohar mesta Ricany 2016"]
[Site "Kulturni centrum Labut, 17. Listopadu 214 25101 Ricany"]
[Date "2016.08.27"]
[Round "1.29"]
[White "Martinec, Karel"]
[Black "Novotny, Martin"]
[Result "1-0"]
[WhiteElo "1889"]
[BlackElo "1557"]
[PlyCount "0"]
[EventDate "2016.08.27"]

1. Nf3 Nf6 2. g3 g6 3. Bg2 Bg7 4. d4 O-O 5. c4 d6 6. Nc3 Nbd7 7. O-O e5 8. e4
Ne8 9. Be3 f5 10. Qd2 Nef6 11. Ng5 Nb6 12. b3 h6 13. Nh3 g5 14. f4 Ng4 15. dxe5
Nxe3 16. Qxe3 dxe5 17. Rad1 Qe7 18. fxg5 hxg5 19. Qxg5 Qxg5 20. Nxg5 f4 21. Bh3
Bxh3 22. Nxh3 fxg3 23. hxg3 Bh6 24. Rf5 Rae8 25. g4 Be3+ 26. Kg2 Bd4 27. Nb5 c5
28. Nd6 Rxf5 29. Nxf5 a5 30. Ng5 Nd7 31. Rh1 Nf8 32. Rh6 a4 33. Rb6 axb3
34. axb3 Nh7 35. Rg6+ Kf8 36. Nxh7+ Kf7 37. Rg7+ Ke6 38. Ng5+ Kf6 39. Nh7+ Ke6
40. Rg6+ Kf7 41. Rg7+ Ke6 42. Rxb7 1-0

[Event "O pohar mesta Ricany 2016"]
[Site "Kulturni centrum Labut, 17. Listopadu 214 25101 Ricany"]
[Date "2016.08.28"]
[Round "2.1"]
[White "Voracek, Zdenek"]
[Black "Krejci, Jan"]
[Result "0-1"]
[WhiteElo "1977"]
[BlackElo "2496"]
[PlyCount "0"]
[EventDate "2016.08.27"]

1. d4 {[%clk 1:20:05]} Nf6 {[%clk 1:30:53]} 2. c4 {[%clk 1:20:24]} e6
{[%clk 1:31:17]} 3. Nf3 {[%clk 1:20:43]} Bb4+ {[%clk 1:31:35]} 4. Bd2
{[%clk 1:20:23]} c5 {[%clk 1:32:00]} 5. Bxb4 {[%clk 1:19:43]} cxb4
{[%clk 1:32:28]} 6. Nbd2 {[%clk 1:19:22]} Nc6 {[%clk 1:31:52]} 7. e4
{[%clk 1:13:18]} d6 {[%clk 1:32:12]} 8. d5 {[%clk 1:08:18]} Nb8 {[%clk 1:16:50]}
9. Qa4+ {[%clk 1:00:25]} Nbd7 {[%clk 1:16:22]} 10. dxe6 {[%clk 0:58:43]} fxe6
{[%clk 1:16:45]} 11. c5 {[%clk 0:42:40]} dxc5 {[%clk 1:13:15]} 12. Bc4
{[%clk 0:42:16]} O-O {[%clk 1:11:04]} 13. Bxe6+ {[%clk 0:37:38]} Kh8
{[%clk 1:11:28]} 14. Qc2 {[%clk 0:33:59]} Qe7 {[%clk 1:05:45]} 15. Bc4
{[%clk 0:27:42]} Rb8 {[%clk 0:59:58]} 16. a4 {[%clk 0:22:05]} bxa3
{[%clk 0:59:47]} 17. Rxa3 {[%clk 0:22:27]} b5 {[%clk 1:00:10]} 18. Ba2
{[%clk 0:22:05]} c4 {[%clk 0:51:27]} 19. O-O {[%clk 0:19:24]} b4 {[%clk 0:50:36]}
20. e5 {[%clk 0:17:14]} bxa3 {[%clk 0:48:01]} 21. exf6 {[%clk 0:16:59]} Nxf6
{[%clk 0:48:23]} 22. bxa3 {[%clk 0:14:55]} Qxa3 {[%clk 0:48:30]} 23. Nxc4
{[%clk 0:14:57]} Qc5 {[%clk 0:48:38]} 24. Qd3 {[%clk 0:09:44]} Be6
{[%clk 0:47:53]} 25. Nfe5 {[%clk 0:09:05]} Rbd8 {[%clk 0:47:16]} 26. Qg3
{[%clk 0:08:44]} Rd4 {[%clk 0:40:47]} 27. Qg5 {[%clk 0:06:04]} Rc8
{[%clk 0:38:03]} 28. Ne3 {[%clk 0:01:21]} Bxa2 {[%clk 0:36:18]} 29. Nf5
{[%clk 0:01:43]} Rg8 {[%clk 0:30:25]} 30. Nxd4 {[%clk 0:00:46]} Qxd4
{[%clk 0:30:36]} 31. h4 {[%clk 0:00:40]} Qc5 0-1

[Event "O pohar mesta Ricany 2016"]
[Site "Kulturni centrum Labut, 17. Listopadu 214 25101 Ricany"]
[Date "2016.08.28"]
[Round "2.2"]
[White "Vojta, Tomas"]
[Black "Steiner, Juraj"]
[Result "1-0"]
[WhiteElo "2384"]
[BlackElo "2044"]
[PlyCount "0"]
[EventDate "2016.08.27"]

1. e4 {[%clk 1:30:48]} c5 {[%clk 1:30:33]} 2. f4 {[%clk 1:30:52]} e6
{[%clk 1:30:07]} 3. Nf3 {[%clk 1:30:23]} d5 {[%clk 1:29:00]} 4. Nc3
{[%clk 1:29:36]} d4 {[%clk 1:24:46]} 5. Ne2 {[%clk 1:27:33]} Nf6 {[%clk 1:21:35]}
6. d3 {[%clk 1:26:15]} Be7 {[%clk 1:20:31]} 7. g3 {[%clk 1:23:56]} h6
{[%clk 1:19:53]} 8. Bg2 {[%clk 1:23:56]} Nc6 {[%clk 1:19:53]} 9. O-O
{[%clk 1:23:56]} O-O {[%clk 1:19:53]} 10. h3 {[%clk 1:23:56]} b5 {[%clk 1:19:53]}
11. g4 {[%clk 1:23:56]} c4 {[%clk 1:19:53]} 12. g5 {[%clk 1:23:56]} cxd3
{[%clk 1:19:53]} 13. cxd3 {[%clk 1:23:56]} hxg5 {[%clk 1:19:53]} 14. Nxg5
{[%clk 1:23:56]} g6 {[%clk 1:19:53]} 15. Ng3 {[%clk 1:23:56]} Bd7
{[%clk 1:19:53]} 16. Kh1 {[%clk 1:23:56]} Rc8 {[%clk 1:19:53]} 17. a3
{[%clk 1:23:56]} Kg7 {[%clk 1:19:53]} 18. Bd2 {[%clk 1:23:56]} Rh8
{[%clk 1:19:53]} 19. Rc1 {[%clk 1:23:56]} Nh5 {[%clk 1:19:53]} 20. Qg4
{[%clk 1:23:56]} Bxg5 {[%clk 1:19:53]} 21. fxg5 {[%clk 1:23:56]} Nxg3+
{[%clk 1:19:53]} 22. Qxg3 {[%clk 1:23:56]} e5 {[%clk 1:19:53]} 23. Rc5
{[%clk 1:23:56]} Re8 {[%clk 1:19:53]} 24. Rxb5 {[%clk 1:23:56]} Qe7
{[%clk 1:19:53]} 25. Rc1 {[%clk 1:23:56]} Rb8 {[%clk 1:19:53]} 26. Rxb8
{[%clk 1:23:56]} Rxb8 {[%clk 1:19:53]} 27. b4 {[%clk 1:23:56]} a5
{[%clk 1:19:53]} 28. Rc5 {[%clk 1:23:56]} axb4 {[%clk 1:19:53]} 29. axb4
{[%clk 1:23:56]} Nxb4 {[%clk 1:19:53]} 30. Rxe5 {[%clk 1:23:56]} Qd6
{[%clk 1:19:53]} 31. Bf4 {[%clk 1:23:56]} Qa6 {[%clk 1:19:53]} 32. Re7
{[%clk 1:23:56]} Rb7 {[%clk 1:19:53]} 33. Be5+ {[%clk 1:23:56]} Kf8
{[%clk 1:19:53]} 34. Bd6 {[%clk 1:23:56]} Kg8 {[%clk 1:19:53]} 35. Bxb4
{[%clk 1:23:56]} Bxh3 {[%clk 1:19:53]} 36. Re8+ {[%clk 1:23:56]} 1-0

[Event "O pohar mesta Ricany 2016"]
[Site "Kulturni centrum Labut, 17. Listopadu 214 25101 Ricany"]
[Date "2016.08.28"]
[Round "2.3"]
[White "Pribyl, Jaroslav"]
[Black "Bures, Jaroslav"]
[Result "0-1"]
[WhiteElo "1960"]
[BlackElo "2376"]
[PlyCount "0"]
[EventDate "2016.08.27"]

1. d4 {[%clk 1:24:03]} Nf6 {[%clk 1:30:57]} 2. Nf3 {[%clk 1:24:22]} c5
{[%clk 1:31:22]} 3. c3 {[%clk 1:24:24]} b6 {[%clk 1:30:45]} 4. Bf4
{[%clk 1:23:33]} Ba6 {[%clk 1:30:09]} 5. g3 {[%clk 1:19:07]} Bb7 {[%clk 1:27:58]}
6. Bg2 {[%clk 1:19:26]} d6 {[%clk 1:27:45]} 7. O-O {[%clk 1:19:18]} Nbd7
{[%clk 1:27:49]} 8. Re1 {[%clk 1:14:35]} Qc7 {[%clk 1:27:37]} 9. Nbd2
{[%clk 1:05:00]} h6 {[%clk 1:26:26]} 10. Nf1 {[%clk 0:57:05]} Rc8
{[%clk 1:24:02]} 11. Rc1 {[%clk 0:51:32]} g6 {[%clk 1:18:26]} 12. N3d2
{[%clk 0:49:08]} Bxg2 {[%clk 1:11:54]} 13. Kxg2 {[%clk 0:47:01]} Qc6+
{[%clk 0:59:52]} 14. f3 {[%clk 0:47:10]} e5 {[%clk 0:56:06]} 15. Be3
{[%clk 0:45:01]} Be7 {[%clk 0:54:26]} 16. Bf2 {[%clk 0:41:51]} d5
{[%clk 0:50:08]} 17. e4 {[%clk 0:41:05]} dxe4 {[%clk 0:49:26]} 18. Nxe4
{[%clk 0:32:37]} Nxe4 {[%clk 0:48:19]} 19. fxe4 {[%clk 0:32:22]} h5
{[%clk 0:38:23]} 20. d5 {[%clk 0:30:30]} Qb5 {[%clk 0:36:50]} 21. a4
{[%clk 0:27:21]} Qxb2 {[%clk 0:34:18]} 22. Re2 {[%clk 0:23:08]} Qa3
{[%clk 0:34:29]} 23. c4 {[%clk 0:21:30]} Bg5 {[%clk 0:32:54]} 24. Ne3
{[%clk 0:19:34]} Nf6 {[%clk 0:29:14]} 25. Be1 {[%clk 0:17:34]} Ng4
{[%clk 0:23:11]} 26. Rc3 {[%clk 0:14:10]} Nxe3+ {[%clk 0:23:38]} 27. Rexe3
{[%clk 0:14:17]} Qb4 {[%clk 0:23:47]} 28. Re2 {[%clk 0:10:06]} Qa5
{[%clk 0:24:04]} 29. Rf3 {[%clk 0:10:30]} Qa6 {[%clk 0:24:13]} 30. Ref2
{[%clk 0:10:27]} O-O {[%clk 0:19:44]} 31. Qc2 {[%clk 0:08:51]} Bh6
{[%clk 0:19:11]} 32. Qc3 {[%clk 0:08:25]} Qxa4 {[%clk 0:17:20]} 33. Qxe5
{[%clk 0:07:50]} Rce8 {[%clk 0:15:37]} 34. Qc7 {[%clk 0:06:49]} Qxc4
{[%clk 0:15:51]} 35. Qxa7 {[%clk 0:03:59]} Qxe4 {[%clk 0:15:54]} 36. Bd2
{[%clk 0:03:51]} Bxd2 {[%clk 0:14:58]} 37. Rxd2 {[%clk 0:04:18]} g5
{[%clk 0:14:46]} 0-1

[Event "O pohar mesta Ricany 2016"]
[Site "Kulturni centrum Labut, 17. Listopadu 214 25101 Ricany"]
[Date "2016.08.28"]
[Round "2.4"]
[White "Skokan, Frantisek"]
[Black "Balacek, Tadeas"]
[Result "0-1"]
[WhiteElo "1930"]
[BlackElo "2298"]
[PlyCount "0"]
[EventDate "2016.08.27"]

1. d4 Nf6 2. c4 c5 3. d5 b5 4. cxb5 a6 5. bxa6 g6 6. Nc3 Bg7 7. e4 O-O 8. Bd3 d6
9. Nf3 Bxa6 10. O-O Nbd7 11. h3 Qb6 12. Rb1 Rfb8 13. Be3 Ne8 14. Qd2 Qa5 15. Bg5
Rxb2 16. Qxb2 Bxd3 17. Rbc1 Rb8 18. Qd2 Bxf1 19. Kxf1 Ne5 20. Nxe5 Bxe5 21. g3
Nf6 22. Bxf6 Bxf6 23. Rc2 Qb4 24. Qd3 Ra8 25. Qb5 Bxc3 0-1

[Event "O pohar mesta Ricany 2016"]
[Site "Kulturni centrum Labut, 17. Listopadu 214 25101 Ricany"]
[Date "2016.08.28"]
[Round "2.5"]
[White "Svatos, Jan"]
[Black "Postupa, Pavel"]
[Result "1-0"]
[WhiteElo "2293"]
[BlackElo "1982"]
[PlyCount "0"]
[EventDate "2016.08.27"]

1. e4 d6 2. d4 Nf6 3. Nc3 Nbd7 4. f4 e5 5. Nf3 exd4 6. Qxd4 c6 7. e5 dxe5 8. fxe5 Bc5 9. Qh4 Qe7 10. Bf4 Nb6 11. O-O-O Nfd5 12. Bg5 Be3+ 13. Bxe3 Qxh4 14. Nxh4 Nxe3 15. Re1 Nf5 16. Nf3 O-O 17. Bd3 Nd5 18. Nxd5 cxd5 19. Rhf1 g6 20. c3 Ng7 21.Nd4 Re8 22. Nb5 Re7 23. Nd6 Be6 24. Bc2 Ne8 25. Ba4 Bd7 26. Bxd7 Rxd7 27. Rd1 Rad8 28. Rxd5 b6 29. Rfd1 Nc7 30. R5d2 Re7 31. Nf5 1-0

[Event "O pohar mesta Ricany 2016"]
[Site "Kulturni centrum Labut, 17. Listopadu 214 25101 Ricany"]
[Date "2016.08.28"]
[Round "2.6"]
[White "Starek, Stanislav"]
[Black "Kovar, Jan"]
[Result "1-0"]
[WhiteElo "2172"]
[BlackElo "1912"]
[PlyCount "0"]
[EventDate "2016.08.27"]

1. d4 d5 2. Bf4 Nf6 3. e3 Bf5 4. c4 c6 5. Nc3 e6 6. Qb3 Qb6 7. c5 Qxb3 8. axb3
Nbd7 9. b4 Nh5 10. b5 Nxf4 11. exf4 Be7 12. Nf3 f6 13. b4 O-O 14. bxc6 bxc6 15.
b5 Rfc8 16. bxc6 Rxc6 17. Bb5 Rc7 18. Nh4 Bg6 19. Nxg6 hxg6 20. Kd2 Nxc5 21. dxc5 Bxc5 22. Rhc1 Bb4 23. Kd3 Rb8 24. Ba4 Rbc8 25. Ne2 Bc5 26. f3 Bb6 27. Bd7 Rxc1 28. Rxc1 1-0

[Event "O pohar mesta Ricany 2016"]
[Site "Kulturni centrum Labut, 17. Listopadu 214 25101 Ricany"]
[Date "2016.08.28"]
[Round "2.7"]
[White "Koper, Stefan"]
[Black "Rut, Vojtech"]
[Result "0-1"]
[WhiteElo "1917"]
[BlackElo "2135"]
[PlyCount "0"]
[EventDate "2016.08.27"]

1. d4 f5 {[%clk 1:30:53]} 2. g3 {[%clk 1:31:06]} Nf6 {[%clk 1:31:08]} 3. Bg2
{[%clk 1:31:12]} g6 {[%clk 1:31:26]} 4. c3 {[%clk 1:30:40]} Bg7 {[%clk 1:31:48]}
5. Nd2 {[%clk 1:30:50]} O-O {[%clk 1:31:51]} 6. Nh3 {[%clk 1:31:13]} c6
{[%clk 1:29:10]} 7. Nf4 {[%clk 1:30:59]} Qe8 {[%clk 1:26:53]} 8. Nd3
{[%clk 1:31:16]} d6 {[%clk 1:26:30]} 9. Nf3 {[%clk 1:28:46]} h6 {[%clk 1:21:47]}
10. h4 {[%clk 1:28:05]} Nbd7 {[%clk 1:21:11]} 11. Nf4 {[%clk 1:22:36]} e5
{[%clk 1:11:23]} 12. Qb3+ {[%clk 1:21:52]} d5 {[%clk 1:10:53]} 13. dxe5
{[%clk 1:17:16]} Ng4 {[%clk 1:06:48]} 14. h5 {[%clk 1:13:28]} Ndxe5
{[%clk 1:00:57]} 15. Nxe5 {[%clk 1:12:23]} Nxe5 {[%clk 1:00:47]} 16. hxg6
{[%clk 1:12:09]} Rf6 {[%clk 0:53:27]} 17. Be3 {[%clk 1:11:39]} Kh8
{[%clk 0:34:58]} 18. O-O-O {[%clk 0:56:55]} a5 {[%clk 0:34:44]} 19. a4
{[%clk 0:56:23]} b5 {[%clk 0:30:37]} 20. Bd4 {[%clk 0:53:47]} Ba6
{[%clk 0:21:55]} 21. axb5 {[%clk 0:47:09]} Bxb5 {[%clk 0:20:38]} 22. Nxd5
{[%clk 0:33:47]} cxd5 {[%clk 0:10:12]} 23. Qxd5 {[%clk 0:33:54]} Bc6
{[%clk 0:09:09]} 24. Qxe5 {[%clk 0:33:50]} Bxg2 {[%clk 0:09:18]} 25. Rxh6+
{[%clk 0:32:53]} Bxh6+ {[%clk 0:09:28]} 26. Qf4 {[%clk 0:30:27]} Bxf4+
{[%clk 0:09:44]} 27. gxf4 {[%clk 0:30:53]} Kg7 {[%clk 0:09:43]} 28. Be5
{[%clk 0:28:42]} Rd8 {[%clk 0:09:43]} 29. Rg1 {[%clk 0:28:41]} Bd5
{[%clk 0:09:03]} 30. f3 {[%clk 0:29:02]} Qa4 {[%clk 0:08:57]} 31. Bd4
{[%clk 0:28:05]} Bb3 {[%clk 0:09:03]} 0-1

[Event "O pohar mesta Ricany 2016"]
[Site "Kulturni centrum Labut, 17. Listopadu 214 25101 Ricany"]
[Date "2016.08.28"]
[Round "2.8"]
[White "Hampel, Rudolf"]
[Black "Hrdina, Robin"]
[Result "0-1"]
[WhiteElo "1710"]
[BlackElo "2120"]
[PlyCount "0"]
[EventDate "2016.08.27"]

1. e4 c5 2. Nf3 e6 3. d4 cxd4 4. Nxd4 a6 5. c4 Qc7 6. Nc3 b6 7. Bd3 Bb7 8. O-O
Nf6 9. Be3 Be7 10. a3 d6 11. Rc1 Nbd7 12. f3 O-O 13. Qe1 Rac8 14. b3 Qb8 15. a4
Bd8 16. Qg3 Kh8 17. Rcd1 Bc7 18. Qh3 Ne5 19. Bb1 Ng6 20. Bg5 e5 21. Nf5 Ng8 22.
Nd5 Bxd5 23. exd5 Bd8 24. Be3 Bf6 25. Rc1 N8e7 26. Rfe1 Nxf5 27. Bxf5 Rc7 28. Bd2 b5 29. Re4 bxc4 30. bxc4 Qb2 31. Be3 Rb8 32. Re1 Nf8 33. Rg4 Qc3 34. Bf2 Rxc4 35.Rxc4 Qxc4 36. g4 g6 37. Be4 Qxa4 38. Qf1 Qb5 39. Bd3 Qxd5 40. Be4 Qb5 41. Bd3 Qc6 42. Be3 a5 43. Rc1 Qd7 44. Be4 d5 45. Rd1 d4 46. g5 Bg7 47. Bc1 Ne6 48. h4 Nc5 49. Bc2 Rd8 50. Ba3 Bf8 51. Bxc5 Bxc5 52. Kg2 Bb4 53. Qd3 Rc8 54. Qe4 Qe6 55. Rb1 Qa2 56. Rc1 Qb2 57. Qxe5+ Kg8 0-1

[Event "O pohar mesta Ricany 2016"]
[Site "Kulturni centrum Labut, 17. Listopadu 214 25101 Ricany"]
[Date "2016.08.28"]
[Round "2.9"]
[White "Hanl, Frantisek"]
[Black "Martinec, Karel"]
[Result "1/2-1/2"]
[WhiteElo "2116"]
[BlackElo "1889"]
[PlyCount "0"]
[EventDate "2016.08.27"]

1. d4 d5 2. Nf3 Nf6 3. Bf4 e6 4. e3 Bd6 5. Ne5 O-O 6. Bd3 c5 7. c3 Qc7 8. Nd2
Nc6 9. Ndf3 c4 10. Bc2 b5 11. Nxc6 Bxf4 12. Nce5 Bxe5 13. Nxe5 Nd7 14. f4 g6
15. O-O f6 16. Ng4 Bb7 17. Qf3 f5 18. Ne5 Nxe5 19. fxe5 a5 20. g4 Qe7 21. gxf5
gxf5 22. Kh1 Kh8 23. Rg1 Rg8 24. Qh5 Rxg1+ 25. Rxg1 Rg8 26. Rxg8+ Kxg8 27. Kg2
Bc6 28. Kf3 Be8 29. Qh6 Qf7 30. Kf4 Qg6 31. Qxg6+ Bxg6 32. a4 Be8 33. axb5 Bxb5
34. Bd1 Be8 35. Kg5 Kg7 36. Bf3 h6+ 37. Kf4 Kg6 38. h3 Ba4 39. Be2 Bc2 40. Kg3
Kg5 41. Bf3 Ba4 42. h4+ Kg6 43. Kf2 Bc2 44. Ke2 Ba4 45. Kd2 Bc6 46. Bd1 Bd7
47. Ke1 Bc6 48. Kf2 Bd7 49. Kg3 Bc6 50. Kf4 Kg7 51. h5 {dĂˇle neÄŤitelnĂ©} 1/2-1/2

[Event "O pohar mesta Ricany 2016"]
[Site "Kulturni centrum Labut, 17. Listopadu 214 25101 Ricany"]
[Date "2016.08.28"]
[Round "2.10"]
[White "Zvolensky, David"]
[Black "Skalicky, Tomas"]
[Result "0-1"]
[WhiteElo "1585"]
[BlackElo "2110"]
[PlyCount "0"]
[EventDate "2016.08.27"]

1. d4 d5 2. Nf3 Nf6 3. Bf4 c5 4. e3 Nc6 5. Nc3 a6 6. dxc5 e6 7. Be2 Bxc5 8. O-O
O-O 9. Rc1 b5 10. Nb1 Bb7 11. c3 h6 12. Nbd2 Re8 13. Ne5 Bd6 14. Ndf3 Qc7
15. Nxc6 Bxc6 16. Bxd6 Qxd6 17. Nd4 Bd7 18. Bg4 Rec8 19. Nc2 Nxg4 20. Qxg4 e5
21. Qb4 Qb6 22. Rfd1 Be6 23. Qh4 a5 24. a3 Rc4 25. Qg3 Qc7 26. h3 Rc8 27. Ra1 f6
28. Qf3 Qf7 29. Rac1 Rf8 30. Rd2 Rb8 31. Rcd1 Rbc8 32. Qe2 Qb7 33. Qf3 Rf8
34. Rxd5 Bxd5 35. Qxd5+ Qxd5 36. Rxd5 Rb8 37. f3 Rc7 38. e4 Kf7 39. Ne3 Ke6
40. Rd1 g6 41. Nd5 Rd7 42. Kf2 b4 43. axb4 axb4 44. cxb4 Rxb4 45. Rd2 Rb3
46. Rc2 f5 47. Rc6+ Kf7 48. Rf6+ Kg7 49. Re6 Rxb2+ 50. Kg1 fxe4 51. fxe4 Ra7
52. Rxe5 Raa2 53. Re7+ Kf8 54. Rc7 Rxg2+ 55. Kf1 Rgf2+ 56. Kg1 Rfe2 57. Rc8+ Kf7
58. Rc7+ Ke8 59. Rc1 Rg2+ 60. Kf1 Rh2 61. Kg1 Rxh3 62. e5 Rg3+ 63. Kh1 Rh3+
64. Kg1 Rg3+ 65. Kh1 Kd7 66. Nf4 g5 67. e6+ Ke7 68. Rc7+ Kd6 69. Rd7+ Kc6
70. Nd3 Ra1+ 71. Kh2 Re3 72. Nb4+ Kb5 73. Nd5 Ra2+ 0-1

[Event "O pohar mesta Ricany 2016"]
[Site "Kulturni centrum Labut, 17. Listopadu 214 25101 Ricany"]
[Date "2016.08.28"]
[Round "2.11"]
[White "Krivanek, Vladimir"]
[Black "Civin, Dominik"]
[Result "1-0"]
[WhiteElo "2109"]
[BlackElo "1777"]
[PlyCount "0"]
[EventDate "2016.08.27"]

1. d4 d5 2. c4 e6 3. Nf3 Nf6 4. Bg5 Nbd7 5. e3 c6 6. Bd3 Qa5+ 7. Kf1 Ne4 8. Bf4
Ndf6 9. Ne5 Be7 10. f3 Nd6 11. c5 Nf5 12. g4 Nh4 13. Nc3 Nd7 14. Nxd7 Bxd7
15. Rb1 Ng6 16. Bg3 f5 17. h4 fxg4 18. h5 Nf8 19. fxg4 Bf6 20. Kg2 e5 21. dxe5
Bg5 22. b4 Qd8 23. Qf3 Ne6 24. Ne2 Rf8 25. Bf5 Qe7 26. e4 d4 27. Rbd1 Be3
28. Bh4 Qf7 29. Rhf1 a5 30. Nxd4 Bxd4 31. Rxd4 axb4 32. Rd6 Rxa2+ 33. Kg1 Ra8
34. Bxe6 Bxe6 35. Rxe6+ 1-0

[Event "O pohar mesta Ricany 2016"]
[Site "Kulturni centrum Labut, 17. Listopadu 214 25101 Ricany"]
[Date "2016.08.28"]
[Round "2.12"]
[White "Hradecky, Ivo"]
[Black "Palla, Ivan"]
[Result "1-0"]
[WhiteElo "2051"]
[BlackElo "1553"]
[PlyCount "0"]
[EventDate "2016.08.27"]

1. d4 f5 2. e4 fxe4 3. Nc3 Nf6 4. Bg5 e6 5. Nxe4 Be7 6. Bxf6 Bxf6 7. Qh5+ g6
8. Qh6 Qe7 9. Nxf6+ Qxf6 10. Nf3 Qf8 11. Qd2 b6 12. d5 Qf6 13. O-O-O O-O 14. h4
Qf4 15. h5 Qxd2+ 16. Rxd2 gxh5 17. Rxh5 Rf5 18. Rxf5 exf5 19. Bd3 d6 20. Nd4 f4
21. Re2 Nd7 22. Re7 Nf6 23. Rxc7 a5 24. Nf5 Nxd5 25. Bc4 1-0

[Event "O pohar mesta Ricany 2016"]
[Site "Kulturni centrum Labut, 17. Listopadu 214 25101 Ricany"]
[Date "2016.08.28"]
[Round "2.13"]
[White "Kulhanek, Tomas"]
[Black "Konvalinka, Vladislav"]
[Result "1-0"]
[WhiteElo "2364"]
[BlackElo "1696"]
[PlyCount "0"]
[EventDate "2016.08.27"]

1. e4 e6 2. d4 d5 3. e5 c5 4. c3 Nc6 5. Nf3 Qb6 6. a3 Nh6 7. b4 cxd4 8. cxd4
Nf5 9. Bb2 Bd7 10. g4 Nh6 11. h3 Be7 12. Qd2 Ng8 13. Nc3 Qd8 14. Bd3 f6 15. O-O
fxe5 16. dxe5 Nh6 17. Be2 Nf7 18. Rfe1 Ng5 19. Nxg5 Bxg5 20. Qd3 a6 21. Nxd5 Bc8
22. Nc3 Qxd3 23. Bxd3 Nd4 24. Be4 O-O 25. Na4 Nf3+ 26. Bxf3 Rxf3 27. Nb6 Rxh3
28. Bc1 Bd8 29. Nxa8 Bd7 30. Rd1 Bc6 31. Rxd8+ Kf7 32. f3 1-0

[Event "O pohar mesta Ricany 2016"]
[Site "Kulturni centrum Labut, 17. Listopadu 214 25101 Ricany"]
[Date "2016.08.28"]
[Round "2.14"]
[White "Hejsek, Lukas"]
[Black "Soural, Jan"]
[Result "0-1"]
[WhiteElo "1668"]
[BlackElo "2222"]
[PlyCount "0"]
[EventDate "2016.08.27"]

1. e4 c5 2. b3 e5 3. Nf3 d6 4. Nc3 Be6 5. Bb2 Be7 6. Be2 h6 7. d3 Nf6 8. Qd2
Nc6 9. O-O O-O 10. Rfe1 Qd7 11. Nd1 b5 12. Ne3 b4 13. a3 a5 14. Qd1 Nd4 15. Nd2
g6 16. Ndc4 Qb7 17. g3 Nxe2+ 18. Qxe2 Nd7 19. Qd2 Kh7 20. h4 Nb6 21. Nxb6 Qxb6
22. Bc1 Qb7 23. Nf5 gxf5 24. Qxh6+ Kg8 25. Bg5 Rfe8 26. Bf6 Bxf6 27. Qxf6 Qe7
28. Qh6 Qf8 29. Qh5 fxe4 30. g4 exd3 31. Re3 dxc2 32. g5 Qg7 33. Rg3 a4 34. g6
f6 35. Qf3 axb3 0-1

[Event "O pohar mesta Ricany 2016"]
[Site "Kulturni centrum Labut, 17. Listopadu 214 25101 Ricany"]
[Date "2016.08.28"]
[Round "2.15"]
[White "Skacel, Jan"]
[Black "Otrubova, Kristyna"]
[Result "0-1"]
[WhiteElo "2030"]
[BlackElo "1564"]
[PlyCount "0"]
[EventDate "2016.08.27"]

1. e4 c5 2. Nf3 d6 3. d4 cxd4 4. Nxd4 Nf6 5. Nc3 g6 6. Be2 Bg7 7. O-O Bd7
8. Be3 Nc6 9. Qd2 O-O 10. Rad1 Rc8 11. Nb3 a6 12. f3 Ne5 13. Rf2 b5 14. Nd4 Nc4
15. Bxc4 Rxc4 16. a3 Qb8 17. Nb3 Re8 18. Bg5 Be6 19. Qd3 Qb6 20. Be3 Qb8 21. Nd4
Bd7 22. Nde2 b4 23. axb4 Qxb4 24. Rb1 Bb5 25. Nxb5 Qxb5 26. c3 Nd7 27. Qd1 Rb8
28. Rf1 Ne5 29. b3 Rc7 30. c4 Qb4 31. h3 Rcb7 32. Nd4 Nxc4 33. Bf2 Bxd4 34. Qxd4
Nd2 35. Qe3 Nxf1 36. Rxf1 Qxb3 37. Qg5 Ra8 38. Re1 a5 39. e5 dxe5 40. Qxe5 Qb4
41. Bd4 f6 42. Qe6+ Kf8 43. Qe3 Rab8 44. Bc5 Qxe1+ 45. Qxe1 Rb1 0-1

[Event "O pohar mesta Ricany 2016"]
[Site "Kulturni centrum Labut, 17. Listopadu 214 25101 Ricany"]
[Date "2016.08.28"]
[Round "2.16"]
[White "Simak, Roman"]
[Black "Hadrava, Jaroslav"]
[Result "1/2-1/2"]
[WhiteElo "1650"]
[BlackElo "1972"]
[PlyCount "0"]
[EventDate "2016.08.27"]

1. d4 d5 2. c4 Nc6 3. cxd5 Qxd5 4. e3 e5 5. Nc3 Bb4 6. Bd2 Bxc3 7. bxc3 Nf6
8. Qb3 Qxb3 9. axb3 Ne4 10. Nf3 Nxd2 11. Kxd2 exd4 12. exd4 O-O 13. Bb5 Ne7
14. Rhe1 Ng6 15. Ne5 Be6 16. Nxg6 hxg6 17. Bc4 Bxc4 18. bxc4 a6 19. Re7 Rac8
20. c5 Rfd8 21. c6 bxc6 22. Rxa6 c5 23. Ra4 cxd4 24. Rxd4 Rxd4+ 25. cxd4 Kf8
26. Re5 Rd8 27. Kd3 f6 28. Rc5 Rd7 29. h4 Kf7 30. g4 Ke6 31. Rc6+ Kd5 32. Rc5+
Kd6 33. f3 Re7 34. Ra5 Re8 35. Ra6+ Ke7 36. g5 Rh8 37. gxf6+ gxf6 38. Rc6 Rxh4
39. Rxc7+ Kd6 40. Ra7 Rf4 41. Ke3 g5 42. Ra6+ Kd5 43. Rb6 Rf5 44. Rb5+ Ke6
45. Rb6+ Kf7 46. Rc6 Kg6 47. Rc5 Rf4 48. Rc6 Rh4 49. d5 Rf4 50. Re6 Kf7 51. Re4
Rf5 52. f4 Rxd5 53. fxg5 Rxg5 54. Kf4 Kg6 55. Re8 Ra5 56. Re4 Ra1 57. Re3 Rf1+
58. Kg3 Kg5 59. Kg2 Rf4 60. Ra3 Rg4+ 61. Kf3 Rh4 62. Kg3 Rc4 63. Ra5+ f5 64. Ra3
f4+ 65. Kf3 Rc5 66. Rd3 Kf5 67. Ra3 1/2-1/2

[Event "O pohar mesta Ricany 2016"]
[Site "Kulturni centrum Labut, 17. Listopadu 214 25101 Ricany"]
[Date "2016.08.28"]
[Round "2.17"]
[White "Otruba, Marek"]
[Black "Grecny, Karol"]
[Result "1-0"]
[WhiteElo "1806"]
[BlackElo "1934"]
[PlyCount "0"]
[EventDate "2016.08.27"]

1. d4 e6 2. c4 Nf6 3. Nf3 Bb4+ 4. Bd2 Be7 5. g3 O-O 6. Bg2 Ne4 7. O-O d5 8. Qc2
Nc6 9. a3 Bf6 10. Be3 Ne7 11. Rd1 Nf5 12. Bf4 c6 13. Nc3 Nxc3 14. bxc3 Nd6
15. Nd2 Bg5 16. Bxg5 Qxg5 17. c5 Ne8 18. e4 Qg6 19. Qb3 f5 20. exd5 exd5 21. c4
f4 22. cxd5 fxg3 23. fxg3 Kh8 24. d6 Nf6 25. Rf1 Qh6 26. Ne4 Bd7 27. Nxf6 Rxf6
28. Qxb7 Raf8 29. Rxf6 Qxf6 30. Qb2 Qg5 31. Re1 h5 32. Qc2 Qf6 33. Qd2 Rb8
34. Qf4 Qd8 35. Qf7 Qa5 36. Re7 Rb1+ 37. Bf1 Rxf1+ 38. Qxf1 1-0

[Event "O pohar mesta Ricany 2016"]
[Site "Kulturni centrum Labut, 17. Listopadu 214 25101 Ricany"]
[Date "2016.08.28"]
[Round "2.18"]
[White "Rastocny, Josef"]
[Black "Kunc, Jan"]
[Result "1-0"]
[WhiteElo "1908"]
[BlackElo "1832"]
[PlyCount "0"]
[EventDate "2016.08.27"]

1. d4 Nf6 2. c4 g6 3. Nc3 Bg7 4. e4 d6 5. f3 O-O 6. Be3 a6 7. Bd3 Nc6 8. Nge2
e5 9. d5 Ne7 10. Rc1 Ne8 11. c5 f5 12. cxd6 cxd6 13. Qb3 Rf7 14. O-O Nf6 15. Bb6
Qe8 16. Qa3 Nd7 17. Bf2 Nc5 18. Bc4 Nd7 19. Qxd6 Kh8 20. Qa3 Rf6 21. d6 Nc6
22. Nd5 Qf8 23. Nxf6 Qxf6 24. Nc3 f4 25. Nd5 Qg5 26. Nc7 Rb8 27. Ne6 Qh5
28. Rfd1 g5 29. Qd3 g4 30. fxg4 Qxg4 31. Qf3 Qg6 32. Kh1 Nf6 33. Bh4 Bxe6
34. Bxe6 Nxe4 35. Qg4 Qh6 36. d7 Nd8 37. Bf5 Nf6 38. Qg5 Qxg5 39. Bxg5 1-0